[Event "I Trofeo A"]
[Site "Liscate ITA"]
[Date "2011.10.16"]
[Round "4"]
[White "Sanchez, Joseph"]
[Black "Pace, Pietro Dario"]
[Result "1/2-1/2"]
[WhiteElo "2544"]
[BlackElo "2276"]
[PlyCount "96"]
[EventDate "2011.10.14"]

1. e4 c5 2. Nf3 Nc6 3. d4 cxd4 4. Nxd4 Qb6 5. Nb3 Nf6 6. Nc3 e6 7. Be3 Qc7 8.
Bd3 Be7 9. f4 d6 10. Qf3 a6 11. O-O O-O 12. Rae1 Nd7 13. a3 b5 14. Qh3 b4 15.
e5 g6 16. exd6 Bxd6 17. Ne4 Be7 18. Ng5 Nf6 19. Rf3 Rd8 20. Nd2 Nd4 21. Bxd4
Rxd4 22. Nde4 h5 23. Qg3 bxa3 24. bxa3 Bd8 25. h3 Rb8 26. Kh2 Ne8 27. Rff1 Ng7
28. Qf2 Ra4 29. Kh1 Qb6 30. Qd2 Rxa3 31. Bc4 Be7 32. Bb3 Qb4 33. Qd3 Ra5 34.
Rd1 Nf5 35. g4 Nh6 36. gxh5 gxh5 37. Nf6+ Bxf6 38. Qh7+ Kf8 39. Qxh6+ Ke7 40.
Qh7 Bb7+ 41. Kh2 Rxg5 42. fxg5 Be5+ 43. Kg1 Bd4+ 44. Rxd4 Qxd4+ 45. Rf2 Qa1+
46. Rf1 Qd4+ 47. Rf2 Qa1+ 48. Rf1 Qd4+ 1/2-1/2

[Event "I Trofeo A"]
[Site "Liscate ITA"]
[Date "2011.10.16"]
[Round "4"]
[White "Vuelban, Virgilio"]
[Black "Salvador, Roland"]
[Result "0-1"]
[WhiteElo "2353"]
[BlackElo "2501"]
[PlyCount "108"]
[EventDate "2011.10.14"]

1. d4 Nf6 2. Nf3 g6 3. g3 Bg7 4. Bg2 O-O 5. O-O d6 6. c4 Na6 7. Nc3 c5 8. Re1
Bg4 9. Be3 Qc8 10. d5 Nc7 11. Qd2 Rd8 12. Bg5 Rb8 13. e4 e5 14. Rab1 b5 15. Qc2
Bxf3 16. Bxf3 bxc4 17. Be2 Qa6 18. Qc1 Na8 19. b3 Nb6 20. bxc4 Rd7 21. Rb3 Re8
22. Qa3 Qb7 23. Qa5 h5 24. f3 Nh7 25. Be3 Bf6 26. Reb1 Bd8 27. Ra3 Ree7 28. Qa6
Qb8 29. Na4 Rb7 30. Nxb6 Bxb6 31. Rab3 Qf8 32. Bd2 f5 33. Bd3 f4 34. Kg2 g5 35.
Rf1 Rg7 36. g4 hxg4 37. fxg4 Nf6 38. h3 Rh7 39. Bc2 Qh6 40. Kf2 Qg6 41. Kg2
Rbf7 42. Rbf3 Nd7 43. Qb5 Nf8 44. a4 Qf6 45. a5 Bd8 46. a6 Bc7 47. Be1 Ng6 48.
Qb3 Rf8 49. Qb1 Rb8 50. Rb3 Bb6 51. Qd1 Kg7 52. Qf3 Rbh8 53. Kh1 Qd8 54. Bf2
54... Qc8 {...} 0-1

[Event "I Trofeo A"]
[Site "Liscate ITA"]
[Date "2011.10.16"]
[Round "5"]
[White "Bevilacqua, Maurizio"]
[Black "Bemporad, Filippo"]
[Result "1/2-1/2"]
[WhiteElo "2147"]
[BlackElo "2093"]
[PlyCount "129"]
[EventDate "2011.10.14"]

1. d4 Nf6 2. c4 e6 3. Nc3 Bb4 4. e3 b6 5. f3 O-O 6. Bd3 c5 7. Nge2 d5 8. cxd5
exd5 9. a3 Ba5 10. O-O Re8 11. Qe1 Nbd7 12. Qg3 Bb7 13. Qh3 Nf8 14. Rb1 c4 15.
Bc2 a6 16. g4 h6 17. Qg2 b5 18. Ng3 Bb6 19. Nf5 Ng6 20. Bd2 Bc6 21. Ne2 Nh7 22.
Be1 Ne7 23. Bh4 Nxf5 24. Bxd8 Nxe3 25. Bxh7+ Kxh7 26. Qf2 Raxd8 27. Rfe1 Nc2
28. Rbd1 Nxe1 29. Rxe1 Re6 30. Ng3 Bxd4 31. Qxd4 Rxe1+ 32. Kf2 Rde8 33. Nf5 f6
34. Qa7 R1e2+ 35. Kg3 Rg8 36. Nd4 Rxb2 37. Nxc6 Rb3 38. Qxa6 Re8 39. Nd4 Rd3
40. Nf5 Rd2 41. Qb7 Rg8 42. Qxb5 c3 43. Ne3 d4 44. Nf1 Rd1 45. Qe2 Ra1 46. Qd3+
Kh8 47. Qxd4 Rxf1 48. Qxc3 Rb1 49. a4 Rb7 50. Qc6 Ra7 51. h4 Rga8 52. g5 fxg5
53. hxg5 hxg5 54. Qg6 Rxa4 55. Qxg5 R8a6 56. Qh5+ Rh6 57. Qf5 Raa6 58. Qc8+ Kh7
59. Kf2 Rhf6 60. Qh3+ Rh6 61. Qf5+ Kg8 62. Qd5+ Kh7 63. Qf5+ Kg8 64. Qc8+ Kh7
65. Qf5+ 1/2-1/2

[Event "I Trofeo A"]
[Site "Liscate ITA"]
[Date "2011.10.16"]
[Round "5"]
[White "Gonella, Daniele"]
[Black "Riboldi, Raffaele"]
[Result "1-0"]
[WhiteElo "2103"]
[BlackElo "1905"]
[PlyCount "93"]
[EventDate "2011.10.14"]

1. e4 e6 2. d4 d5 3. Nc3 Bb4 4. e5 c5 5. a3 Bxc3+ 6. bxc3 Ne7 7. h4 Qa5 8. Bd2
c4 9. h5 h6 10. Rb1 Nbc6 11. Qc1 Qc7 12. Qb2 O-O 13. f4 f5 14. Nf3 b6 15. Be2
Bd7 16. Kf2 Kh7 17. Rbg1 Rg8 18. Qc1 Raf8 19. Be3 Be8 20. g3 Qb7 21. Rh2 Nd8
22. Ke1 Qd7 23. Kd2 Qa4 24. Nh4 Bf7 25. g4 fxg4 26. Bxg4 Qd7 27. Qf1 Nf5 28.
Qh3 Nxh4 29. Qxh4 Nc6 30. Qh3 Ne7 31. Rhg2 Nf5 32. Bxf5+ exf5 33. Bf2 Qe6 34.
Rg6 Qc8 35. Bh4 Be6 36. Rxe6 Qxe6 37. Rg6 Qc8 38. Qg2 Qd7 39. e6 Qd6 40. Qg3
Re8 41. e7 Qd7 42. Qe3 Qc7 43. Ke2 Qd7 44. Qe5 Qa4 45. Qxf5 Kh8 46. Kd2 Qxa3
47. Bf6 1-0

[Event "I Trofeo A"]
[Site "Liscate ITA"]
[Date "2011.10.16"]
[Round "5"]
[White "Mariano, Elia"]
[Black "Gagliardi, Christian"]
[Result "1/2-1/2"]
[WhiteElo "2208"]
[BlackElo "2253"]
[PlyCount "147"]
[EventDate "2011.10.14"]

1. d4 Nf6 2. c4 e6 3. g3 d5 4. Nf3 dxc4 5. Bg2 Nc6 6. O-O Rb8 7. e3 b5 8. b3
cxb3 9. axb3 a6 10. Qe2 Be7 11. Bb2 O-O 12. Rc1 Nb4 13. Ne5 Nd7 14. Nc6 Nxc6
15. Bxc6 Rb6 16. Qc2 Bd6 17. Nd2 Nb8 18. Bg2 Bb7 19. Ne4 Qe7 20. Nxd6 cxd6 21.
Qc7 Qxc7 22. Rxc7 Bxg2 23. Kxg2 d5 24. Rac1 g6 25. Bc3 b4 26. Bd2 Rd8 27. e4
Kg7 28. Bg5 Rd7 29. e5 Rxc7 30. Bf6+ Kg8 31. Rxc7 Rc6 32. Rb7 Rc8 33. Rxb4 Nc6
34. Ra4 a5 35. Bg5 Rb8 36. Bd2 Rxb3 37. Bxa5 Nxa5 38. Rxa5 Rb4 39. f4 Rxd4 40.
h4 Kg7 41. Ra7 h6 42. Kf3 Re4 43. Ra8 Rb4 44. Ra7 Rb3+ 45. Kf2 Rc3 46. Rb7 Rc8
47. Rd7 Kf8 48. Ke3 Re8 49. g4 Ra8 50. f5 gxf5 51. gxf5 exf5 52. Kf4 Ra4+ 53.
Kxf5 Rxh4 54. Rxd5 Ke7 55. Ra5 Rh5+ 56. Kf4 Rh1 57. Ra7+ Kf8 58. Kf5 Rf1+ 59.
Kg4 Kg8 60. Rb7 Re1 61. Kf5 Kg7 62. Rb6 Rf1+ 63. Kg4 Rg1+ 64. Kf5 Rg5+ 65. Kf4
Rg6 66. Rb7 h5 67. Kf5 h4 68. Rb3 Kh6 69. Rb8 Kh5 70. Rh8+ Rh6 71. Rg8 h3 72.
Rg5+ Kh4 73. Rg4+ Kh5 74. Rg5+ 1/2-1/2

[Event "I Trofeo A"]
[Site "Liscate ITA"]
[Date "2011.10.16"]
[Round "5"]
[White "Martinez, Rolly"]
[Black "Gamboa, Miguel"]
[Result "1-0"]
[WhiteElo "2411"]
[BlackElo "2175"]
[PlyCount "110"]
[EventDate "2011.10.14"]

1. e4 c6 2. d4 d5 3. exd5 cxd5 4. c4 Nf6 5. Nc3 e6 6. Nf3 Be7 7. cxd5 Nxd5 8.
Bd3 O-O 9. O-O Nd7 10. Qe2 N7f6 11. Ne5 Nb4 12. Bc4 Qxd4 13. Rd1 Qh4 14. a3 Nc6
15. Nf3 Qh5 16. Bf4 Kh8 17. Nb5 Bd7 18. h3 Na5 19. Nd6 Nxc4 20. Qxc4 Bc6 21.
Ne5 Bd5 22. Qc7 Bxd6 23. Qxd6 Ne4 24. Qb4 Qf5 25. Nd3 Rac8 26. f3 Nf6 27. g4
Qg6 28. Bd6 Rfe8 29. Ne5 Qc2 30. Rd2 Qb3 31. Qxb3 Bxb3 32. Nxf7+ Kg8 33. Ne5
Bd5 34. Kf2 Rcd8 35. Bc7 Rc8 36. Ba5 b6 37. Bc3 Rc7 38. Nd3 Rec8 39. Re1 Bb3
40. Nf4 Kf7 41. Bxf6 gxf6 42. Kg3 e5 43. Nh5 h6 44. Re3 Ba2 45. Rd6 Be6 46. f4
Rc6 47. fxe5 fxe5 48. Rxc6 Rxc6 49. Rxe5 Rc2 50. Rb5 Bd7 51. Rb4 Bc6 52. Rf4+
Ke7 53. Rf2 Rc1 54. Ng7 Bd7 55. Kh4 55... Rc5 {...} 1-0

[Event "I Trofeo A"]
[Site "Liscate ITA"]
[Date "2011.10.16"]
[Round "5"]
[White "Moroni, Luca jr"]
[Black "Vuelban, Virgilio"]
[Result "1/2-1/2"]
[WhiteElo "1998"]
[BlackElo "2353"]
[PlyCount "99"]
[EventDate "2011.10.14"]

1. e4 c5 2. Nf3 e6 3. d4 cxd4 4. Nxd4 a6 5. Nc3 b5 6. a3 Bb7 7. Be2 d6 8. O-O
Nf6 9. Bd3 Nbd7 10. f4 Nc5 11. Qf3 Be7 12. Be3 O-O 13. Rae1 Rc8 14. Bf2 Qc7 15.
Qh3 g6 16. Nb3 d5 17. e5 Nfe4 18. Bxe4 Nxe4 19. Nxe4 dxe4 20. Nd4 a5 21. c3 b4
22. axb4 axb4 23. Re3 Rfd8 24. Bh4 Bxh4 25. Qxh4 Qb6 26. Kh1 bxc3 27. bxc3 Rd7
28. Qh6 f5 29. h4 Rg7 30. Rg3 Bd5 31. h5 Qb7 32. hxg6 hxg6 33. Rxg6 Rxc3 34.
Nxe6 Bxe6 35. Rxg7+ Qxg7 36. Qxe6+ Qf7 37. Qxf7+ Kxf7 38. Kg1 Kg6 39. Kf2 Kh5
40. Rg1 Kg4 41. g3 Kh3 42. e6 Rc2+ 43. Ke3 Rc6 44. Rh1+ Kxg3 45. e7 Re6 46.
Rg1+ Kh4 47. Rg7 Kh5 48. Rg5+ Kh6 49. Rxf5 Rxe7 50. Rg5 1/2-1/2

[Event "I Trofeo A"]
[Site "Liscate ITA"]
[Date "2011.10.16"]
[Round "5"]
[White "Radice, Luca"]
[Black "Acunzo, Domenico"]
[Result "1-0"]
[WhiteElo "1972"]
[BlackElo "1745"]
[PlyCount "113"]
[EventDate "2011.10.14"]

1. d4 e6 2. c4 f5 3. g3 Nf6 4. Bg2 d5 5. Nf3 Bd6 6. Nbd2 c6 7. O-O O-O 8. b3 a5
9. a4 Na6 10. Bb2 Nb4 11. Ne5 Bd7 12. Ndf3 Be8 13. Nd3 Bh5 14. Nxb4 axb4 15.
Ne5 Ne4 16. Qc2 Qe7 17. f3 Ng5 18. Nd3 f4 19. c5 Bc7 20. gxf4 Bxf4 21. Nxf4
Rxf4 22. Qd2 Raf8 23. Qxb4 Bxf3 24. exf3 Nxf3+ 25. Rxf3 Rxf3 26. Bxf3 Rxf3 27.
Qd2 Qh4 28. Qe2 Qg5+ 29. Kh1 Qf5 30. Kg1 h6 31. Re1 Qg6+ 32. Kh1 Rxb3 33. Bc1
Rb4 34. Qe5 Qg4 35. Be3 Qf3+ 36. Kg1 Qg4+ 37. Qg3 Qxg3+ 38. hxg3 Rxa4 39. Rb1
Ra7 40. Bf4 Kf7 41. Be5 h5 42. Bb8 Ra4 43. Rxb7+ Kg6 44. Be5 Kf5 45. Rxg7 Ra2
46. Rf7+ Kg4 47. Rf4+ Kg5 48. Rf2 Ra3 49. Rb2 h4 50. gxh4+ Kxh4 51. Kf2 Kg4 52.
Rb6 Rf3+ 53. Ke2 Rf5 54. Rxc6 Rxe5+ 55. dxe5 Kf5 56. Rd6 Kxe5 57. Rd8 1-0

[Event "I Trofeo A"]
[Site "Liscate ITA"]
[Date "2011.10.16"]
[Round "5"]
[White "Salvador, Roland"]
[Black "Sanchez, Joseph"]
[Result "1/2-1/2"]
[WhiteElo "2501"]
[BlackElo "2544"]
[PlyCount "48"]
[EventDate "2011.10.14"]

1. d4 Nf6 2. Nf3 g6 3. c4 Bg7 4. Nc3 d5 5. cxd5 Nxd5 6. Bd2 Nb6 7. e3 Nc6 8.
Bb5 Bd7 9. O-O O-O 10. Rc1 a6 11. Be2 e5 12. d5 Ne7 13. e4 Nec8 14. Ne1 Nd6 15.
Nd3 Nbc4 16. Nc5 Nxd2 17. Qxd2 Qe7 18. Nxd7 Qxd7 19. Bd3 Rfe8 20. Ne2 f5 21. f3
fxe4 22. Bxe4 Nb5 23. a4 Nd4 24. Nxd4 exd4 1/2-1/2

[Event "I Trofeo A"]
[Site "Liscate ITA"]
[Date "2011.10.16"]
[Round "5"]
[White "Solomon, Kenny"]
[Black "Pace, Pietro Dario"]
[Result "1-0"]
[WhiteElo "2426"]
[BlackElo "2276"]
[PlyCount "157"]
[EventDate "2011.10.14"]

1. d4 Nf6 2. c4 g6 3. Nc3 d5 4. cxd5 Nxd5 5. e4 Nxc3 6. bxc3 Bg7 7. Be3 O-O 8.
Rc1 c5 9. Qd2 cxd4 10. cxd4 b6 11. Bc4 Bb7 12. f3 Nc6 13. Ne2 Na5 14. Bb5 e5
15. d5 Qd6 16. Qb2 Rfc8 17. O-O Rxc1 18. Rxc1 Rc8 19. Rxc8+ Bxc8 20. Qc3 Qd8
21. Bc1 a6 22. Bd3 b5 23. Be3 Bd7 24. Nc1 h5 25. Bf1 Kh7 26. Bf2 Nc4 27. Nb3
Nd6 28. Nc5 Bc8 29. Bd3 Kg8 30. Nb3 Bd7 31. Na5 Kh7 32. Nc6 Qc7 33. Qc5 Nc8 34.
a4 bxa4 35. Bxa6 Nd6 36. Nb4 Qxc5 37. Bxc5 Bf8 38. Nc6 f6 39. Bd3 Kg8 40. Bc2
Kf7 41. Bxa4 Ke8 42. Bb3 Bc8 43. Ba4 Bd7 44. Bb3 Bc8 45. Nb8 Kd8 46. Bb6+ Ke8
47. Ba4+ Kf7 48. Nc6 Nc4 49. Nd8+ Kg7 50. Bf2 Be7 51. Nc6 Bf8 52. Na7 Bb7 53.
Bb5 Nd6 54. Bd3 Kf7 55. g3 Be7 56. Nc6 Bxc6 57. dxc6 Bd8 58. Bc5 Ke6 59. Bc2
Bc7 60. Bb3+ Ke7 61. Kg2 g5 62. Bd5 Kf8 63. Kf1 Ke7 64. Ke2 Kf8 65. Bb3 Ke7 66.
Kd3 Kf8 67. Bd1 Ke7 68. Be2 Ke6 69. Bf1 Ke7 70. h4 gxh4 71. gxh4 Ke6 72. Bh3+
Ke7 73. Bf5 Kf7 74. Bxd6 Bxd6 75. Kc4 Bc7 76. Kb5 Ke7 77. Ka6 Kd8 78. Kb7 Bd6
79. Bg6 1-0

[Event "I Trofeo A"]
[Site "Liscate ITA"]
[Date "2011.10.16"]
[Round "5"]
[White "Swannie, Douglas"]
[Black "Quaranta, Cristiano"]
[Result "0-1"]
[WhiteElo "1947"]
[BlackElo "2128"]
[PlyCount "56"]
[EventDate "2011.10.14"]

1. d4 d5 2. c4 c6 3. Nf3 e6 4. e3 f5 5. b3 Nf6 6. Bd3 Bd6 7. O-O Qe7 8. Bb2 O-O
9. Nbd2 b6 10. Ne5 Bb7 11. Ndf3 Ne4 12. Qc2 a5 13. a3 Nd7 14. Nxd7 Qxd7 15. Ne5
Qe7 16. f3 Nf6 17. Rfc1 c5 18. Qe2 cxd4 19. exd4 dxc4 20. bxc4 Nh5 21. g3 Qg5
22. f4 Nxf4 23. Qf1 Bxe5 24. dxe5 Nh3+ 25. Qxh3 Qe3+ 26. Kf1 Qxd3+ 27. Ke1 Qe3+
28. Kf1 f4 0-1